000 00529nam a2200205Ia 4500
005 20240415153139.0
008 131103s9999 xx 000 0 und d
040 _aLoreto College
041 _aEnglish
082 _a370.15
_bALL
100 _aAllsopp,A.H.
245 4 _aThe Essentials of Psychology
_cA.H.Allsopp
250 _a for student teachers
260 _aLondon
_bJ.M.Dent
_c1954
300 _aviii,211 p.
504 _aIncludes appendix and index
650 _aPsychology
850 _aLCBED
942 _cBK
999 _c26633
_d77112